000 00575nam a2200229Ia 4500
003 OSt
005 20220924145859.0
006 a|||||r|||| 00| 0
007 ta
008 220923b |||||||| |||| 00| 0 tel d
024 _a330658
037 _cTextual
040 _aARTS
_cARTS
_btel
041 _2tel
_atel
082 _aO157,3M61,12, 35K4
100 _aTagore Au.
_9220765
245 0 _aUttamaellalu
260 _c1964
650 _aBENGALI LITERATURE
942 _hO157,3M61,12, 35K4
_cTEXL
_2CC
999 _c461451
_d461451